000 00267nam a22000857a 4500
008 260427b ||||| |||| 00| 0 eng d
100 _aPetersham, Maud and Miska
245 _aAmerican Stamps
_bThe Story of One Hundred Years of U.S. Postage Stamps
650 _aAmerican Stamps
999 _c3710
_d3710